000 00508nam a2200133Ia 4500
008 151213s9999 xx 000 0 und d
100 _aসৈয়দ মনজুরুল ইসলাম।
245 _aনন্দনতত্ত্ব।
_cসৈয়দ মনজুরুল ইসলাম।
260 _aঢাকা
_bবাংলা একাডেমী।
_c1986
300 _a8848 p.
650 _aBangla
700 _aসৈয়দ মনজুরুল ইসলাম।
999 _c4633
_d4633